La gestion des fréquences (Record no. 54620)
[ view plain ]
| 000 -LEADER | |
|---|---|
| fixed length control field | 00722nam a22002297a 4500 |
| 007 - PHYSICAL DESCRIPTION FIXED FIELD--GENERAL INFORMATION | |
| fixed length control field | 00 |
| 008 - FIXED-LENGTH DATA ELEMENTS--GENERAL INFORMATION | |
| fixed length control field | 160617b xxu||||| |||| 00| 0 eng d |
| 020 ## - INTERNATIONAL STANDARD BOOK NUMBER | |
| International Standard Book Number | 2-7462-1106-8 |
| 040 ## - CATALOGING SOURCE | |
| Original cataloging agency | BUAC |
| Transcribing agency | BUC |
| 041 ## - LANGUAGE CODE | |
| Language code of text/sound track or separate title | Fre. |
| 100 ## - MAIN ENTRY--PERSONAL NAME | |
| Personal name | Chaduc, Jean-Marc |
| 245 ## - TITLE STATEMENT | |
| Title | La gestion des fréquences |
| Statement of responsibility, etc | / par Jean-Marc Chaduc |
| 260 ## - PUBLICATION, DISTRIBUTION, ETC. (IMPRINT) | |
| Place of publication, distribution, etc | Paris : |
| Name of publisher, distributor, etc | Lavoisier, |
| Date of publication, distribution, etc | 2005 |
| 300 ## - PHYSICAL DESCRIPTION | |
| Extent | 353 p. |
| Dimensions | 24 cm. |
| Other physical details | , |
| 440 ## - SERIES STATEMENT/ADDED ENTRY--TITLE | |
| Title | (Collection Technique et Scientifique des Télécommunications) |
| 521 ## - TARGET AUDIENCE NOTE | |
| Target audience note | Sources et Bibliogr. pp. (337 - 340) ;<br/> Glossaire : pp. (341 - 349) ; <br/>Index : pp. (351 - 353) |
| 630 ## - SUBJECT ADDED ENTRY--UNIFORM TITLE | |
| Uniform title | SCIENCES APPLIQUEES |
| 650 ## - SUBJECT ADDED ENTRY--TOPICAL TERM | |
| Topical term or geographic name as entry element | Fréquence |
| 650 ## - SUBJECT ADDED ENTRY--TOPICAL TERM | |
| Topical term or geographic name as entry element | Gestion |
| 700 ## - ADDED ENTRY--PERSONAL NAME | |
| Personal name | Favennec, Pierre-Noöl |
| 942 ## - ADDED ENTRY ELEMENTS (KOHA) | |
| Item type | Libre Accès |
| Withdrawn status | Lost status | Damaged status | Not for loan | Location (home branch) | Sublocation or collection (holding branch) | Date acquired | Source of acquisition | Coded location qualifier | Koha issues (times borrowed) | Koha full call number | Piece designation (barcode) | Koha date last seen | Copy number | Price effective from | Koha item type |
|---|---|---|---|---|---|---|---|---|---|---|---|---|---|---|---|
| Bibliothèque Universitaire Centrale | Bibliothèque Universitaire Centrale | 11/06/2015 | Don ARES | 16/385 | 621.3.029 CHA | 16-385Buc | 17/06/2016 | 1 | 17/06/2016 | Libre Accès | |||||
| Bibliothèque Universitaire Centrale | Bibliothèque Universitaire Centrale | 17/07/2017 | DON ARES | 17/295 | 621.3.029 CHA | 17-295Buc | 17/07/2017 | 02 | 17/07/2017 | Libre Accès |